| 000 | 00623nam a22002057a 4500 | ||
|---|---|---|---|
| 003 | OSt | ||
| 005 | 20140310182941.0 | ||
| 008 | 130204t xxu||||| |||| 00| 0 eng d | ||
| 020 | _a9789715506236 | ||
| 050 |
_aHQ1757 _b.L297 2009 |
||
| 082 |
_aFIL959.9035082 _bL297 2009 |
||
| 245 |
_aAmazons of the Huk rebellion _bgender, sex, and revolution in the Philippines _cLanzona, Vina A. |
||
| 260 |
_aMadison, Wis. _bUniversity of Wisconsin Press _cc2009 |
||
| 300 |
_axviii, 370 p. _c23 cm. _bill., maps |
||
| 521 | _acollege students | ||
| 526 | _c1210L-1700L | ||
| 562 | _e1 | ||
| 942 |
_2lcc _cBK _kFIL |
||
| 999 |
_c17738 _d17738 |
||